[Event "Rychnov Seniors op"]
[Site "Rychnov nad Kneznou"]
[Date "2012.08.27"]
[Round "8"]
[White "Peroutka, Ivo"]
[Black "Korinkova, Eva"]
[Result "0-1"]
[WhiteElo "1918"]
[BlackElo "1823"]
[PlyCount "154"]
[EventDate "2012.08.20"]
[EventType "swiss"]
[EventRounds "9"]
[EventCountry "CZE"]
[SourceTitle "CBM 150 Extra"]
[Source "ChessBase"]
[SourceDate "2012.10.19"]
[SourceVersion "1"]
[SourceVersionDate "2012.10.19"]
[SourceQuality "1"]

1. d4 Nf6 2. c4 g6 3. Nc3 Bg7 4. Nf3 0-0 5. Bf4 d6 6. e3 c6 7. Be2 Nbd7 8. 0-0 Re8 9. Qc2 e5 10. dxe5 dxe5 11. Bg3 Nh5 12. Rad1 Nxg3 13. hxg3 Qa5 14. e4 Nf8 15. a3 Qc7 16. b4 a6 17. Rd2 Ne6 18. c5 Qe7 19. Na4 Nd4 20. Nxd4 exd4 21. Nb6 Rb8 22. Bd3 Be6 23. Re1 Qg5 24. Bc4 Rbd8 25. Bxe6 Rxe6 26. Nc4 Rde8 27. Qd3 R8e7 28. f4 Qg4 29. Qf3 h5 30. Kf2 Rd7 31. Nd6 f6 32. Qxg4 hxg4 33. Rxd4 Bf8 34. e5 Be7 35. Rd3 g5 36. a4 Bd8 37. Ree3 fxe5 38. fxe5 Bc7 39. Rd4 Rde7 40. Rde4 b6 41. Rxg4 Rxe5 42. Rxg5+ Rxg5 43. Rxe7 Bxd6 44. cxd6 Kf8 45. Rh7 Ke8 46. Rh4 Kd7 47. Rd4 c5 48. bxc5 bxc5 49. Rd1 Rg4 50. Kf3 Rxa4 51. g4 Rd4 52. Rc1 Kxd6 53. Ra1 Ke5 54. Rxa6 Rf4+ 55. Kg3 Rf6 56. Ra5 Rc6 57. g5 Kf5 58. Kh4 Kg6 59. Ra8 c4 60. Rh8 Rc5 61. Rh6+ Kg7 62. Ra6 c3 63. Ra1 c2 64. Rc1 Kg6 65. g4 Rc3 66. Rf1 c1Q 67. Rf6+ Kg7 68. Rg6+ Kf7 69. Rf6+ Ke7 70. Kh5 Rh3+ 71. Kg6 Qc7 72. Rf5 Qc6+ 73. Kg7 Qc3+ 74. Kg6 Qe3 75. Kg7 Qd4+ 76. Kg6 Qxg4 77. Rf7+ Ke8 0-1

[Event "Rychnov Seniors op"]
[Site "Rychnov nad Kneznou"]
[Date "2012.08.23"]
[Round "4"]
[White "Sobotnik, Petr"]
[Black "Peroutka, Ivo"]
[Result "0-1"]
[WhiteElo "1970"]
[BlackElo "1918"]
[PlyCount "126"]
[EventDate "2012.08.20"]
[EventType "swiss"]
[EventRounds "9"]
[EventCountry "CZE"]
[SourceTitle "CBM 150 Extra"]
[Source "ChessBase"]
[SourceDate "2012.10.19"]
[SourceVersion "1"]
[SourceVersionDate "2012.10.19"]
[SourceQuality "1"]

1. c4 e6 2. Nc3 Nf6 3. g3 c6 4. e4 e5 5. Nf3 d6 6. Bg2 Bg4 7. h3 Bxf3 8. Qxf3 Nbd7 9. d3 Be7 10. 0-0 a6 11. Qe2 0-0 12. f4 Ne8 13. f5 Bg5 14. Kh2 Bxc1 15. Raxc1 b5 16. h4 b4 17. Nd1 Nc5 18. Ne3 Ra7 19. Rf2 f6 20. Rd1 Qb6 21. g4 Na4 22. Qf3 Qd4 23. Rdd2 a5 24. Qg3 Qb6 25. g5 Qc7 26. Bf3 g6 27. Bd1 Nc5 28. fxg6 hxg6 29. gxf6 Rxf6 30. Rxf6 Nxf6 31. Qxg6+ Qg7 32. Qf5 Qh6 33. Rg2+ Rg7 34. Rxg7+ Kxg7 35. h5 Nxd3 36. Ba4 c5 37. Be8 Nxe8 38. Qd7+ Kf8 39. Nf5 Qxh5+ 40. Kg3 Qg5+ 41. Kf3 Nxb2 42. Qh7 Qf4+ 43. Kg2 Qxe4+ 44. Kg3 Qf4+ 45. Kg2 Qg4+ 46. Kh2 Qg5 47. Nh6 Qg7 48. Qf5+ Qf6 49. Qh7 Qf2+ 50. Kh1 Qf1+ 51. Kh2 Nxc4 52. Nf5 Qf4+ 53. Kh1 Qg5 54. Nh6 Qh5+ 55. Kg1 Qg5+ 56. Kh1 Qh4+ 57. Kg1 Qg3+ 58. Kh1 Qf3+ 59. Kh2 Ne3 60. Qh8+ Ke7 61. Ng8+ Kd7 62. Qh7+ Kc6 63. Ne7+ Kb5 0-1

[Event "Rychnov Seniors op"]
[Site "Rychnov nad Kneznou"]
[Date "2012.08.22"]
[Round "3"]
[White "Peroutka, Ivo"]
[Black "Cvejn, Jaroslav"]
[Result "1-0"]
[WhiteElo "1918"]
[BlackElo "1755"]
[PlyCount "92"]
[EventDate "2012.08.20"]
[EventType "swiss"]
[EventRounds "9"]
[EventCountry "CZE"]
[SourceTitle "CBM 150 Extra"]
[Source "ChessBase"]
[SourceDate "2012.10.19"]
[SourceVersion "1"]
[SourceVersionDate "2012.10.19"]
[SourceQuality "1"]

1. d4 Nf6 2. c4 e6 3. Nc3 d5 4. e3 b6 5. Nf3 Bb7 6. b3 Bb4 7. Bd2 0-0 8. Be2 dxc4 9. bxc4 Nbd7 10. 0-0 c5 11. Rb1 Ba5 12. h3 h6 13. Nb5 Bxd2 14. Qxd2 Ne4 15. Qc2 Ndf6 16. Rfd1 Qe7 17. Ne5 Ng5 18. f3 Rfd8 19. Rb3 a6 20. Nc3 cxd4 21. exd4 Rxd4 22. Bd3 Qc5 23. Qf2 Rad8 24. f4 Nge4 25. Nxe4 Bxe4 26. Kh2 Bxd3 27. Rdxd3 Rxd3 28. Qxc5 bxc5 29. Nxd3 Ne4 30. Ne5 g5 31. fxg5 hxg5 32. Rb6 Rd6 33. Rb7 f6 34. Nd7 e5 35. Rc7 Rd4 36. Nxc5 Nxc5 37. Rxc5 e4 38. Kg3 Rd3+ 39. Kf2 Rd2+ 40. Ke3 Rxa2 41. Kxe4 Rxg2 42. Ra5 Rg3 43. Rxa6 Rxh3 44. Kf5 Rf3+ 45. Kg6 Kf8 46. c5 g4 1-0

[Event "Hradec Kralove Region-chT 0506"]
[Site "Czech Republic"]
[Date "2006.02.05"]
[Round "7.4"]
[White "Peroutka, Ivo"]
[Black "Zatloukal, Vaclav"]
[Result "1-0"]
[WhiteElo "1876"]
[BlackElo "1953"]
[PlyCount "95"]
[EventDate "2005.10.23"]
[EventType "team-tourn"]
[EventRounds "11"]
[EventCountry "CZE"]
[SourceTitle "EXT 2024"]
[Source "ChessBase"]
[SourceDate "2023.10.10"]
[SourceVersion "1"]
[SourceVersionDate "2023.10.10"]
[SourceQuality "1"]
[WhiteTeam "Broumov Slovan"]
[BlackTeam "Rychnov nad Kneznou"]
[WhiteTeamCountry "CZE"]
[BlackTeamCountry "CZE"]

1. d4 d5 2. c4 e6 3. Nc3 Nf6 4. Bf4 Bd6 5. Bg3 Nc6 6. e3 0-0 7. Nf3 Re8 8. Rc1 Ne7 9. Bd3 dxc4 10. Bxc4 Ng6 11. Qc2 c6 12. 0-0 Bxg3 13. hxg3 Qe7 14. Bd3 Nd5 15. a3 Bd7 16. Bxg6 hxg6 17. Ne5 Nxc3 18. bxc3 Red8 19. f4 Be8 20. Kf2 f6 21. Nxg6 Bxg6 22. Qxg6 Qxa3 23. Rh1 Qe7 24. Rh7 Qd7 25. Rch1 Kf8 26. Rh8+ Ke7 27. Qxg7+ Kd6 28. Rxd8 Qxd8 29. Qxb7 Qb8 30. Qxb8+ Rxb8 31. Ra1 Rb3 32. c4 Rb4 33. c5+ Kd5 34. Kf3 Rb7 35. Rh1 f5 36. Ra1 Kc4 37. g4 fxg4+ 38. Ke4 Rh7 39. Ke5 Kd3 40. e4 Ke3 41. f5 exf5 42. exf5 g3 43. f6 Kf2 44. Ra2+ Ke3 45. Ke6 Kxd4 46. f7 Rh8 47. Rxa7 Kxc5 48. Re7 1-0

[Event "Prague op 02nd"]
[Site "Prague"]
[Date "2003.01.??"]
[Round "3.33"]
[White "Koper, Stefan"]
[Black "Peroutka, Ivo"]
[Result "0-1"]
[WhiteElo "2086"]
[BlackElo "1887"]
[PlyCount "118"]
[EventDate "2003.01.17"]
[EventType "swiss"]
[EventRounds "9"]
[EventCountry "CZE"]
[SourceTitle "CBM 092 Extra"]
[Source "ChessBase"]
[SourceDate "2003.03.07"]
[SourceVersion "1"]
[SourceVersionDate "2003.03.07"]
[SourceQuality "1"]

1. d4 Nf6 2. c4 g6 3. Nc3 Bg7 4. e4 d6 5. Be2 0-0 6. g4 c5 7. d5 Na6 8. h4 Qd7 9. f3 Nc7 10. h5 Nfe8 11. Be3 Rb8 12. Qd2 f6 13. hxg6 hxg6 14. Bh6 e5 15. Bd3 Bxh6 16. Rxh6 Qg7 17. Qh2 Rf7 18. 0-0-0 Bd7 19. a4 a6 20. Nge2 b5 21. Rh1 Kf8 22. axb5 axb5 23. cxb5 Bxb5 24. Bxb5 Nxb5 25. Rh8+ Ke7 26. Nxb5 Rxb5 27. Nc3 Ra5 28. Qc2 Kd8 29. R1h7 Ra1+ 30. Kd2 Qxh7 31. Rxh7 Rxh7 32. Qb3 Rh2+ 33. Kd3 Rf1 34. Qb6+ Ke7 35. Qa7+ Kf8 36. Na4 Rxf3+ 37. Kc4 Rf4 38. Kb5 Rxe4 39. Kc6 Rb4 40. Qa8 Rh7 41. Qa5 Rc7+ 42. Qxc7 Nxc7 43. Nb6 Rxb6+ 44. Kxb6 Nxd5+ 45. Kc6 Ne3 46. Kxd6 Nc4+ 47. Kxc5 Nxb2 48. Kd5 Ke7 49. g5 Nd1 50. Ke4 Ke6 51. gxf6 Kxf6 52. Kf3 Kf5 53. Ke2 Nc3+ 54. Kf3 Nd5 55. Kg3 e4 56. Kf2 Kf4 57. Ke2 e3 58. Kf1 Kf3 59. Ke1 e2 0-1